ARRUPE JESUIT UNIVERSITY

CORONAVIRUS -STOP THE SPREAD - CLEAN,DISINFECT,COVER

The Trojan horse; (Record no. 129831)

MARC details
000 -LEADER
fixed length control field 01070cam a2200301 4500
001 - CONTROL NUMBER
control field 1715629
003 - CONTROL NUMBER IDENTIFIER
control field ARRUPE
005 - DATE AND TIME OF LATEST TRANSACTION
control field 20190912115728.0
008 - FIXED-LENGTH DATA ELEMENTS--GENERAL INFORMATION
fixed length control field 740517s1974 cau bs 000 0 eng
010 ## - LIBRARY OF CONGRESS CONTROL NUMBER
LC control number 72075809
020 ## - INTERNATIONAL STANDARD BOOK NUMBER
International Standard Book Number 0878670262
-- 0878670270 (pbk.)
040 ## - CATALOGING SOURCE
Original cataloging agency DLC
Transcribing agency DLC
Modifying agency DLC
043 ## - GEOGRAPHIC AREA CODE
Geographic area code n-us---
050 00 - LIBRARY OF CONGRESS CALL NUMBER
Classification number HC60
Item number .W374
082 00 - DEWEY DECIMAL CLASSIFICATION NUMBER
Classification number 338.91/172/4073
300 ## - PHYSICAL DESCRIPTION
Dimensions 21 cm.
100 1# - MAIN ENTRY--PERSONAL NAME
Personal name Weissman, Steve.
9 (RLIN) 48126
245 14 - TITLE STATEMENT
Title The Trojan horse;
Remainder of title a radical look at foreign aid,
Statement of responsibility, etc by Steve Weissman and members of Pacific Studies Center and the North American Congress on Latin America.
260 ## - PUBLICATION, DISTRIBUTION, ETC. (IMPRINT)
Place of publication, distribution, etc San Francisco,
Name of publisher, distributor, etc Ramparts Press
Date of publication, distribution, etc [1974]
300 ## - PHYSICAL DESCRIPTION
Extent 249 p.
350 ## - PRICE (NR) (BK AM CF MU VM SE) [OBSOLETE]
Price $7.95
504 ## - BIBLIOGRAPHY, ETC. NOTE
Bibliography, etc Includes bibliographical references.
650 #0 - SUBJECT ADDED ENTRY--TOPICAL TERM
Topical term or geographic name as entry element Economic assistance, American.
9 (RLIN) 48127
650 #0 - SUBJECT ADDED ENTRY--TOPICAL TERM
Topical term or geographic name as entry element Military assistance, American.
9 (RLIN) 48128
650 #0 - SUBJECT ADDED ENTRY--TOPICAL TERM
Topical term or geographic name as entry element Economic assistance.
9 (RLIN) 26657
710 2# - ADDED ENTRY--CORPORATE NAME
Corporate name or jurisdiction name as entry element Pacific Studies Center.
9 (RLIN) 48129
710 2# - ADDED ENTRY--CORPORATE NAME
Corporate name or jurisdiction name as entry element North American Congress on Latin America.
9 (RLIN) 48130
906 ## - LOCAL DATA ELEMENT F, LDF (RLIN)
a 7
b cbu
c orignew
d 2
e opcn
f 19
g y-gencatlg
942 ## - ADDED ENTRY ELEMENTS (KOHA)
Source of classification or shelving scheme Library of Congress Classification
Koha item type Monograph ( Printed materials)
Holdings
Withdrawn status Lost status Source of classification or shelving scheme Damaged status Not for loan Collection code Home library Current library Shelving location Date acquired Total Checkouts Full call number Barcode Date last seen Price effective from Koha item type
    Library of Congress Classification     Main Collection ARRUPE LIBRARY ARRUPE LIBRARY Main Collection 12/09/2019   HC60 .W374 46600005502 12/09/2019 12/09/2019 Monograph ( Printed materials)

 

Arrupe Library. PO Box MP320 Mt Pleasant, Harare, Zimbabwe
263 242 745411|librarian@aju.ac.zw